00869nam a2200217 a 4500001001000000003000400010005001700014008004100031040002500072082002000097110003300117245010800150260005500258300002100313590002600334651004900360910003700409942001300446952017500459999001700634000033616OSt20251021095208.0110901s1862 dr r 000 0 spa d aDO-SdBNPbspacBNPHU a349.7293bR423c aRepública Dominicana.944710aColección de reales ordenes :by disposiciones publicadas desde el 1 de enero al 31 de marzo de 1852. aSanto Domingo :bImprenta de Santo Domingo,c1862. a133 p. ;c20 cm. aInventariado, 2018/BT 4aRepública DominicanaxLegislación910538 aValidado. Control de calidad MFF 2ddccLF1 001050718RVaPDbPDcHDd2011-09-01iLF1l0oxxxx xxxxp33616-10r2020-06-25w2020-06-25y1zPerteneció a la biblioteca personal de Julio Ortega Frier.ZNo se presta c33107d33107